| 000 | 00000nam 2200000zi 4500 |
| 001 | 9.946648 |
| 003 | CaOODSP |
| 005 | 20250110160832 |
| 006 | m o d f |
| 007 | cr |n||||||||| |
| 008 | 250108s1938 onca o f000 0 eng d |
| 040 | |aCaOODSP|beng|erda|cCaOODSP |
| 043 | |an-cn-bc |
| 086 | 1 |aA52-204/1938E-PDF |
| 086 | 1 |zA51-147E-PDF |
| 100 | 1 |aNewton, R. G., |eauthor. |
| 245 | 10|aExperimental Station, Windermere, B.C. : |bresults of experiments, 1931 - 1936 / |cR. G. Newton. |
| 264 | 1|aOttawa : |bMinister of Agriculture, |c1938 |
| 300 | |a1 online resource (18 pages) : |billustrations |
| 336 | |atext|btxt|2rdacontent |
| 337 | |acomputer|bc|2rdamedia |
| 338 | |aonline resource|bcr|2rdacarrier |
| 500 | |aDigitized edition from print [provided by Agriculture and Agri-Food Canada]. |
| 610 | 25|aExperimental Station (Windermere, B.C.) |
| 610 | 25|aExperimental Station (Windermere, C.-B.) |
| 650 | 0|aAgricultural experiment stations|zBritish Columbia|zWindermere. |
| 650 | 6|aStations agronomiques|zColombie-Britannique|zWindermere. |
| 710 | 2 |aExperimental Station (Windermere, B.C.), |eissuing body. |
| 710 | 2 |aDominion Experimental Farms and Stations (Canada), |eissuing body. |
| 856 | 40|qPDF|s5.34 MB|uhttps://publications.gc.ca/collections/collection_2025/aac-aafc/A51-147-1936-eng.pdf |